000 00422nam a2200157 i 4500
001 92361
003 ES-MaACL
005 20230906180944.0
007 t|
008 050307s1908 cl ||||1| spa d
100 1 _aLillo, Samuel A.
_972292
245 1 0 _aCanciones de Arauco /
_cSamuel A. Lillo.
260 _aSantiago de Chile :
_b[s.n.],
_c1908 (
_fCervantes)
300 _a144 p. ;
_c17 cm.
852 _aES-MaACL
_jF-5357
999 _c92361
_d92361